Notes d'un viatge a Algèria : tardor del 1935 / per Ramon Sala i Roqueta tardor del 1935 / per Ramon Sala i Roqueta
Descripción Física:
52 p. : il. ; 24 cm
Materias:
Agricultura -- Algèria
MARC
| LEADER | 00000nam a2200000Ia 4500 | ||
|---|---|---|---|
| 001 | 8877 | ||
| 008 | 160829s1936 xx 000 0 cat d | ||
| 080 | |a C-2-180 | ||
| 100 | |a Sala i Roqueta, Ramon |9 37091 | ||
| 245 | |a Notes d'un viatge a Algèria : |b tardor del 1935 / per Ramon Sala i Roqueta | ||
| 260 | |a Barcelona : |b Publicacions Pagesia, |c 1936 | ||
| 300 | |a 52 p. : |b il. ; |c 24 cm | ||
| 590 | |a Treball ofert per l' autor a les Cambres Oficials Agrícoles de Barcelona, Girona i Lleida i publicat amb la seva autorització. | ||
| 650 | |a Agricultura |x Algèria |9 37092 | ||
| 901 | |a Arxiu | ||
| 942 | |n 1 | ||
| 952 | |0 0 |1 0 |4 0 |6 C2180 |7 1 |9 47650 |a Arxiu |b Arxiu |d 2016-12-01 |l 0 |o C-2-180 |p 8877 |r 2016-12-01 00:00:00 |w 2016-12-01 |y ARXIU | ||
| 999 | |c 51449 |d 51449 | ||